| 000 | 01035cam a22002894a 4500 | ||
|---|---|---|---|
| 001 | 13453179 | ||
| 005 | 20230428145044.0 | ||
| 008 | 040109s2004 mau 001 0 eng | ||
| 010 | _a 2004000444 | ||
| 020 | _a1591395038 | ||
| 040 |
_aDLC _cDLC _dDLC |
||
| 042 | _apcc | ||
| 050 | 0 | 0 |
_aHD58.8 _b.W476 2004 |
| 082 | 0 | 0 |
_a658.406 _222 _bWHE |
| 245 | 0 | 0 | _aWhen change comes undone. |
| 246 | 1 | 4 | _aWhen change comes undone, what will you do? |
| 260 |
_aBoston : _bHarvard Business School Press, _cc2004. |
||
| 300 |
_a179 p. ; _c21 cm. |
||
| 440 | 0 |
_aManagement dilemmas _9111997 |
|
| 500 | _aIncludes index. | ||
| 650 | 0 |
_aOrganizational change _xManagement _vProblems, exercises, etc. _9111998 |
|
| 710 | 2 |
_aHarvard Business School. _bPress. _9111999 |
|
| 856 | 4 | 1 |
_3Table of contents _uhttp://www.loc.gov/catdir/toc/ecip0413/2004000444.html |
| 906 |
_a7 _bcbc _corignew _d1 _eecip _f20 _gy-gencatlg |
||
| 942 |
_2ddc _cBK |
||
| 999 |
_c594571 _d594571 |
||